00827cam a2200229 a 450000100100000000500170001000800410002702000150006804000280008305000230011108200150013410000370014924500820018626000500026830000320031850400320035065000360038291000340041804900090045295201190046199900170058000001580420200929164147.0850207s1984 ilua b 001 0 eng  a0870944959 aDO-SdBNPbengcLCdBNGR00aHF5719b.L444 1984 ann*bL629h1 aLesikar, Raymond Vincent.93556110aHow to write a report your boss will read and remember /cRaymond V. Lesikar. aHomewood, Illinois :bDow Jones-Irwin,c1984. aix, 223 p. :bil. ;c24 cm. aBibliografía: p. 219-220. 0aBusiness report writing.935562 aCatalogación por copia / LC aBNGR 001052708MOaGRbGRcCTd2010-02-18iLF1l0onn* L629hp15804-10r2020-06-25w2020-06-25y2ZPréstamo interno c15350d15350